| 000 | 00468nam a2200169Ia 4500 | ||
|---|---|---|---|
| 003 | LK-CoDNM | ||
| 005 | 20240820103148.0 | ||
| 008 | 010623t1946 xxu||||| |||| 00| 1 eng d | ||
| 040 |
_aLK-CoDNM _dLK-CoDNM _eLK-CoDNM |
||
| 041 | _aeng | ||
| 080 |
_a9 _bZ20 |
||
| 100 | _aParker,George Howard. | ||
| 245 | _aThe world Expands : Recollection of a Zoologist | ||
| 260 |
_bHarvard University Press _aCambridge _c1946 |
||
| 300 | _b252p. : 1ill ; 23 cm | ||
| 942 | _cBK | ||
| 999 |
_c100768 _d100768 |
||